000 00587cam a2200253 4500
008 090401t1996 xxu||||| |||| 00| 0 eng d
020 _a0406009058
035 _a(Sirsi) u87884
041 _aeng
050 _a346.41059
100 _aRiddall, J.G.
245 4 _aThe law of trusts.
250 _a5th ed.
260 _aLondon
_bButterworths
_c1996
300 _axxxii,461p. ; 24cm.
350 _a23.95
650 _aCHARITABLE TRUSTS
650 _aLAW OF TRUSTS
650 _aPRIVATE TRUSTS
650 _aTRUSTEES
690 _aLAW
942 _n0
948 _c06/08/1998
999 _c97279
_d97279